| 000 | 00937nmc a2200325 a 4500 | ||
|---|---|---|---|
| 003 | AR-BaBNM | ||
| 005 | 20251128203930.0 | ||
| 008 | 011101s1993 ||||||||||||||000 | spa|| | ||
| 020 | _a950-701-153-6 | ||
| 040 | _cAR-BaBNM | ||
| 100 | 1 | _aBecerra Cano, Natalia | |
| 245 | 1 | 0 | _aLos niños investigadores y la obra documental |
| 250 | _a1ª ed. | ||
| 260 |
_aBuenos Aires _bCERLALC _bAique _c1993 |
||
| 300 | 0 | _a70 p. | |
| 490 | 0 |
_aLa escuela y la formación de lectores autónomos _vv. 6 |
|
| 504 | _aBibliografía: p. 70 | ||
| 650 | 4 | _aENSENANZA DE LA LECTURA | |
| 650 | 4 | _aACTITUD DEL DOCENTE | |
| 650 | 4 | _aRELACION ALUMNO-DOCENTE | |
| 650 | 4 | _aINVESTIGACION EXPERIMENTAL | |
| 650 | 4 | _aBUSQUEDA DE INFORMACION | |
| 650 | 4 | _aBIBLIOTECAS | |
| 650 | 4 | _aMUSEOS | |
| 653 | 0 | _aENSENANZA DE LA LENGUA | |
| 653 | 0 | _aESTRATEGIAS EDUCATIVAS | |
| 700 | 1 | _aCharría de Alonso, María Elvira | |
| 942 | _cBK | ||
| 998 | _csilvi | ||
| 999 |
_c5516 _d5516 |
||